The Study of urban geography (Record no. 80772)
[ view plain ]
| 000 -LEADER | |
|---|---|
| fixed length control field | 00824nam a2200217 a 4500 |
| 008 - FIXED-LENGTH DATA ELEMENTS--GENERAL INFORMATION | |
| fixed length control field | 120416s1985 ||||||||||||||||| || u |
| 020 ## - INTERNATIONAL STANDARD BOOK NUMBER | |
| International Standard Book Number | 071316235X |
| 050 ## - LIBRARY OF CONGRESS CALL NUMBER | |
| Classification number | GF 125 Car |
| 100 ## - MAIN ENTRY--PERSONAL NAME | |
| Personal name | Carter, Harold |
| 245 14 - TITLE STATEMENT | |
| Title | The Study of urban geography |
| 250 ## - EDITION STATEMENT | |
| Edition statement | 3rd ed. |
| 260 ## - PUBLICATION, DISTRIBUTION, ETC. | |
| Place of publication, distribution, etc. | London |
| Name of publisher, distributor, etc. | Edward Arnold |
| Date of publication, distribution, etc. | 1985 |
| 300 ## - PHYSICAL DESCRIPTION | |
| Extent | xiv, 434p. : ill. |
| 350 ## - | |
| -- | 0.00 |
| 500 ## - GENERAL NOTE | |
| General note | Includes bibliographies and indexes. |
| 650 #0 - SUBJECT ADDED ENTRY--TOPICAL TERM | |
| Topical term or geographic name entry element | HUMAN ECOLOGY |
| 650 #0 - SUBJECT ADDED ENTRY--TOPICAL TERM | |
| Topical term or geographic name entry element | URBAN GEOGRAPHY |
| 650 ## - SUBJECT ADDED ENTRY--TOPICAL TERM | |
| Topical term or geographic name entry element | GEOGRAPHY |
| 995 ## - | |
| -- | MAIN LIBRARY OPEN ACCESS |
| -- | 0.00 |
| -- | 708073 |
| -- | CBU-MAIN LIBRARY (Kitwe) |
| -- | 1 |
| -- | 9.95 |
| -- | GF 125 Car |
| -- | 1 |
| -- | AVAILABLE |
| -- | 002496 |
| -- | Main Library Open Access Collection |
| 995 ## - | |
| -- | MAIN LIBRARY OPEN ACCESS |
| -- | 0.00 |
| -- | 706921 |
| -- | CBU-MAIN LIBRARY (Kitwe) |
| -- | 2 |
| -- | 9.95 |
| -- | GF 125 Car |
| -- | 2 |
| -- | AVAILABLE |
| -- | 002497 |
| -- | Main Library Open Access Collection |
| 999 ## - | |
| -- | 80772 |
| -- | 80772 |
| Withdrawn status | Lost status | Source of classification or shelving scheme | Damaged status | Not for loan | Permanent Location | Current Location | Shelving location | Date acquired | Total Checkouts | Full call number | Barcode | Date last seen | Copy number | Price effective from | Koha item type |
|---|---|---|---|---|---|---|---|---|---|---|---|---|---|---|---|
| CBU-MAIN LIBRARY, KITWE. | CBU-MAIN LIBRARY, KITWE. | 07/11/2023 | GF 125 Car | 002496 | 07/11/2023 | 1 | 07/11/2023 | MONOGRAPH | |||||||
| CBU-MAIN LIBRARY, KITWE. | CBU-MAIN LIBRARY, KITWE. | 07/11/2023 | GF 125 Car | 002497 | 07/11/2023 | 2 | 07/11/2023 | MONOGRAPH |